A hisztamin intolerancia hatása az egyéni figyelemi és koncentrációs teljesítményre

Elmentve itt :
Bibliográfiai részletek
Szerző: Csengei Blanka Anna
További közreműködők: Volosin Márta (Témavezető)
Dokumentumtípus: Szakdolgozat
Megjelent: 2023
Tárgyszavak:
Online Access:http://diploma.bibl.u-szeged.hu/142260
LEADER 00914nta a2200205 i 4500
001 dipl142260
005 20250321113104.0
008 241209s2023 hu om 000 hun d
040 |a SZTE Diploma Repozitórium  |b hun 
041 |a hun 
100 1 |a Csengei Blanka Anna 
245 1 2 |a A hisztamin intolerancia hatása az egyéni figyelemi és koncentrációs teljesítményre  |h [elektronikus dokumentum] /  |c Blanka Anna Csengei 
246 1 0 |a The effect of histamine intolerance on cognition and concentration  |h [elektronikus dokumentum] 
260 |c 2023 
650 4 |a Bölcsészettudományok 
650 4 |a Social sciences 
650 4 |a Psychology 
650 4 |a Psychology, special (including therapy for learning, speech, hearing, visual and other physical and mental disabilities) 
700 0 1 |a Volosin Márta  |e ths 
856 4 0 |u https://diploma.bibl.u-szeged.hu/id/eprint/142260/1/2023_csengei_blanka_anna.pdf  |z Dokumentum-elérés